| 000 | 00877nam a22002057a 4500 | ||
|---|---|---|---|
| 005 | 20250421154029.0 | ||
| 010 | _aB-766631-653 BACEN25 | ||
| 020 |
_a9788121920148 _c650.00 |
||
| 035 | _aB-766631-653 | ||
| 037 | _bUDH | ||
| 082 | _a658.1 | ||
| 100 |
_aKhanka, S.S. _980741 |
||
| 245 |
_aOrganisastional behaviour: _b(text and cases); for the students of MBA, PGDBM, M. Com. & other management courses/ _cby S.S. Khanka |
||
| 250 | _a4th rev. ed. | ||
| 260 |
_aNew Delhi _bS. Chand _c2009,2025(Rep) |
||
| 270 |
_aA-27, 2nd Floor, Mohan Co-Operative Industrial Estate _bNew Delhi _e110044 |
||
| 300 |
_axv, 560p. _c24cm (pb) |
||
| 942 |
_2ddc _cEN _h658.1 _mKHA |
||
| 999 |
_c209151 _d209151 |
||